| Tag |
First Indicator |
Second Indicator |
Subfields |
| LEADER |
00000cam a2200000 i 4500 |
| 001 |
in00000183313 |
| 005 |
20151008090309.0 |
| 008 |
150910s1979 enkb b 00000 eng |
| 010 |
|
|
|a 79313822
|
| 015 |
|
|
|a GB79-14221
|
| 020 |
|
|
|a 0236401440 :
|c 9.95
|
| 035 |
|
|
|a (OCoLC)05265445
|
| 035 |
|
|
|9 AAU1242AM
|
| 040 |
|
|
|a DLC
|c DLC
|d TXA
|d UtOrBLW
|
| 049 |
|
|
|a TXAM
|c [980123]
|
| 050 |
0 |
0 |
|a PJ418
|b .E44
|
| 082 |
0 |
|
|a 890
|
| 245 |
0 |
4 |
|a The Elek book of Oriental verse /
|c general editor Keith Bosley.
|
| 264 |
|
1 |
|a London :
|b Elek,
|c 1979.
|
| 300 |
|
|
|a 317 pages :
|b map (on lining papers) ;
|c 24 cm.
|
| 336 |
|
|
|a text
|b txt
|2 rdacontent
|
| 337 |
|
|
|a unmediated
|b n
|2 rdamedia
|
| 338 |
|
|
|a volume
|b nc
|2 rdacarrier
|
| 504 |
|
|
|a Includes bibliographical references.
|
| 650 |
|
0 |
|a Oriental poetry
|x Translations into English.
|
| 650 |
|
0 |
|a English poetry
|x Translations from Oriental languages.
|
| 700 |
1 |
|
|a Bosley, Keith.
|
| 740 |
0 |
|
|a Book of Oriental verse.
|
| 999 |
|
|
|a MARS
|
| 999 |
f |
f |
|s 06b963ef-0a95-3a91-956d-233ccfafb4d5
|i 8ffe458e-111d-3819-9946-c958a551137d
|t 0
|
| 952 |
f |
f |
|p ric
|a Texas A&M University
|b Rellis Campus
|c Joint Library Facility
|d Remote Storage
|t 0
|e PJ418 .E44
|h Library of Congress classification
|i unmediated -- volume
|m A14803635623
|
| 998 |
f |
f |
|a PJ418 .E44
|t 0
|l Remote Storage
|